Quizzes
Events
Quiz Creation
Community
Videos
Private Events
Remove Ads
Sign In
Join for FREE
Feedback
Dark Mode
Quiz Categories
Sports
Geography
Music
Movies
Television
Just For Fun
Miscellaneous
History
Literature
Language
Science
Gaming
Entertainment
Religion
Holiday
For Kids
Quiz Lab
Recent
Popular Today
Quiz Kudos Today
Editor Picks
Curator Picks
Quizzes by...
Day
Popularity
Type
Ratings
Length
Year
Community
Subscriptions
Recent Discussions
Orange Saloon
Badges
Playlists
Quests
Create
Leaderboards
Showdown
Live 5
Trivia Bingo
Activity
Puzzle Library
Sporcle Events
Private Events
Virtual Trivia
Globe League
Become a Host
Pub Owners
SporcleCon
Opinionation
Our Games
Videos
Blog
Mobile Apps
Partnerships
Remove Ads and Go Orange
Feedback
Geography
Country
Landmarks
City
State
Population
World
Capital
Continent
Flags
Europe
Africa
Asia
South America
North America
Oceania
Border
Canada
United Kingdom
Topography
United States
Geography
Country
Landmarks
City
State
Population
World
Capital
Continent
Flags
Europe
Africa
Asia
South America
North America
Oceania
Border
Canada
United Kingdom
Topography
United States
Random Quiz
Search Sporcle
×
Quiz Lab
Quiz Lab
Geography
Country
Type in answers that appear in a list
Type in answers that appear in a list
Classic
Best Score? Go Orange.
Largest Islands by Population Stats
Can you name the world's 25 largest islands by population size?
By
SeaTownWhat
4m
25 Questions
4,545 Plays
4,545 Plays
4,545 Plays
Comments
Comments
Give Quiz Kudos
Give Quiz Kudos
-
- Ratings
hide this ad
More Info
Replay
Link that replays current quiz
Next Quiz
Link to next quiz in quiz playlist
You Got
0%
They Got
Avg Score
54%
Avg Friend Score
Upgrade to see
Score Distribution
Jump to the score distribution portion of the page
Score
0/25
Timer
04:00
1
Play Today
Population
Island
% Correct
18,600,000
Madagascar
85.3%
11,150,000
Cuba
80.2%
6,000,000
Ireland
79.9%
58,900,000
Great Britain
79%
20,700,000
Sri Lanka
75.7%
103,000,000
Honshu
73.3%
130,667,000
Java
72.8%
22,790,000
Taiwan
68.8%
16,000,000
Borneo
67.3%
46,797,000
Sumatra
65.3%
17,400,000
Hispañola
61.7%
5,625,000
Hokkaido
61.5%
6,400,000
New Guinea
55.8%
Population
Island
% Correct
5,017,000
Sicily
53.4%
46,228,000
Luzon
51.7%
4,326,000
Singapore
49.9%
13,350,000
Kyushu
45.4%
16,768,000
Sulawesi
44%
7,560,000
Long Island
42.5%
19,793,000
Mindanao
37.7%
4,100,000
Shikoku
34.3%
3,940,000
Puerto Rico
29.9%
7,620,000
Hainan
29.1%
13,175,000
Salsette
16.6%
4,102,000
Negros
12.1%
Quiz Playlist
Details
Report
Send in Message
Add To Playlist
More Info:
Continents ≠ Islands, ie. Australia will not be found here.
Classic:
Type in answers that appear in a list
Quiz Source
Last Updated: Apr 19, 2017
Quiz Scoreboard
CHALLENGE
Sign Up to Join the Scoreboard
Show All
Scores
Hide
Comments
May contain spoilers
Recently Published
NBA Finals Game Top Scorers (2010s)
by flibbidy
Sports
5m
Guess the 'R' Things in 3 Words
by MSUKent
Miscellaneous
3m
Actor to Badly Drawn Movie III
by MoMosMoProblems
Movies
5m
More to Explore
Quiz From the Vault
Featured Blog Post
Where Does Lost Luggage Go?
hide this ad
You Might Also Like...
Tags
Country Quiz
Population Quiz
World Quiz
biggest
island
largest
Size
Today's Top Quizzes in Geography
Browse Geography
hide this ad
Today's Top Quizzes in Country
Browse Country
Top Contributed Quizzes in Geography
1
Countries of the World - No Outlines Minefield
2
Find the Landmarks A-Z
3
Lietuvos savivaldybės (Lithuanian Municipalities)
4
Blind Ultimate Minefield: World
5
Ultimate Geography Challenge 'A'
6
Find the US States - No Outlines
7
3, 2, 1 or 0: Land Borders
8
Complete the Map Snippet (Minefield) IX
9
Complete the Map Snippet (Minefield) X
10
Nickname Match: U.S. States
Explore More
Trending Topics
Anime
NBA
Marvel
Kpop
Harry Potter
Disney
Crossword
WWE
Pokémon
Soccer
NFL
Song
The Office
Puzzle
Country
hide this ad
More By:
SeaTownWhat
Quiz
Plays
Rating
Category
Featured
Created
Largest Islands by Population
4,545
4.41
Geography
Oct 24, 2010
Countries in the Americas by Population
3,610
4.55
Geography
Oct 26, 2010
Largest US Lakes by Area
745
5.00
Geography
Oct 26, 2010
Go to Creator's Profile
Score Distribution
Quiz Creator Spotlight
SeaTownWhat
Follow
Send a Message
Quizzes Created
-
Created Quiz Play Count
-
More By This Creator
Popular Quizzes Today
1
Find the US States - No Outlines Minefield
2
Find the US States
3
The Countries of the World
4
10 Largest US States in Order
5
Find the Countries of Europe - No Outlines Minefield
6
US States
7
Guess the 'R' Things in 3 Words
8
NBA Finals Game Top Scorers (2010s)
More Geography Quizzes
Postcards from The United States - III
Quiz Lab
Trending Quizzes
First Name TV: Leading Men
Match the Book to the Film II
First Name TV: Leading Women Drama
3-Word Movies in 1 Word II
Match the Book to the Film VI
Recently Updated
Women's Final Four Teams by Year
bhenderson79
Presidents Quartet II
eogle
Anything But Clue(do)
eogle
Anything But Oceanian Capitals
eogle
Anything But 7
eogle
Anything But Thing
eogle
Word Ladder: February 29
pecheneg
Song Title Questions
pecheneg
Women's NCAA Tournament #1 Seeds
pecheneg
Celebrity Mug Shots
pecheneg
Trending Topics
Marvel
Crossword
Harry Potter
NBA
Anime
Disney
Kpop
Country
The Office
Puzzle
WWE
Soccer
Pokémon
Song
NFL
Your Account Isn't Verified!
In order to create a playlist on Sporcle, you need to verify the email address you used during registration. Go to your
Sporcle Settings
to finish the process.
Report this User
Report this user for behavior that violates our
Community Guidelines
.
Details:
Send Report
Go to the Sporcle.com Mobile Site →
Comments